Research on road traffic (Record no. 411472)

000 -LEADER
fixed length control field 00448cam a22001217a 4500
008 - FIXED-LENGTH DATA ELEMENTS--GENERAL INFORMATION
fixed length control field 180718b1965 xxu||||| |||| 00| 0 eng d
082 ## - DEWEY DECIMAL CLASSIFICATION NUMBER
Classification number W4x42 Un3
245 ## - TITLE STATEMENT
Title Research on road traffic
Statement of responsibility, etc. by Department of Scientific and Industrial Research, United Kingdom
260 ## - PUBLICATION, DISTRIBUTION, ETC.
Place of publication, distribution, etc. London
Name of publisher, distributor, etc. Her Majesty's Stationery Office
Date of publication, distribution, etc. 1965
300 ## - PHYSICAL DESCRIPTION
Extent 505+p.
650 ## - SUBJECT ADDED ENTRY--TOPICAL TERM
Topical term or geographic name entry element Traffic engineering.
700 ## - ADDED ENTRY--PERSONAL NAME
Personal name United Kingdom. Department of Scientific and Industrial Research
Holdings
Withdrawn status Lost status Damaged status Not for loan Permanent Location Current Location Date acquired Full call number Barcode Date last seen Price effective from Koha item type
        Indian Institute of Public Administration Indian Institute of Public Administration 2009-01-29 W4x42 Un3 DA321 2018-07-21 2018-07-21 DA

Powered by Koha